000 00736nam a2200217 i 4500
001 107924
003 ES-MaACL
005 20250829080457.0
007 t|
008 061219s1969 sp ||||1| spa d
080 _a821.134.2-32"19"
100 1 _aCela, Camilo José,
_d1916-2002
_937336
245 1 0 _aCafé de artistas y otros cuentos /
_cCamilo José Cela ; prólogo de Carlos Martínez-Barbeito.
260 _aMadrid :
_bSalvat,
_c1969.
300 _a190 p. ;
_c19 cm.
490 1 _aBiblioteca básica Salvat de libros RTV ;
_v6
700 1 _aMartínez-Barbeito, Carlos,
_d1913-1997
_977884
830 1 0 _aBiblioteca básica Salvat de libros RTV
_v6
_9185398
852 4 _aES-MaACL
_jE-2927
999 _c107924
_d107924